00731nam a2200205 4500001000700000003000900007005001700016007000300033008004100036100002700077245006900104260003400173300002200207490003700229700004100266830004500307852003200352999001900384952012200403133051ES-MaACL20230906194320.0t|070214s1970 sp r ||||1| spa d1 aRubbens, F. M.910028310aEnseñanza programada / cF. M. Rubbens y Juan Manuel Moreno G. aMadrid : bParaninfo, c1970. a162 p. ; c22 cm.1 aPhilips. Orientación educativa1 aMoreno García, Juan Manuel.9833780 aPhilips. Orientación educativa9219698 aES-MaACLjC-39541 bR.76157 c133051d133051 00104070aATENEOMbATENEOMcDEPO2d2008-01-17eSCl0oC-39541p1138515r2023-02-23 00:00:00w2023-02-23yMONOGRAFIA